000 00620nam a22002057a 4500
005 20081020172115.0
008 081020t xxu||||| |||| 00| 0 eng d
010 _aENG-84184
020 _a8175412844
020 _c195.00 (hb)
035 _aEN-67717
082 _a410
100 _aMishra, Madhusudan
245 _a<The> Ur-Sanskrit /
_cby Madhusudan Mishra
260 _aDelhi
_bShipra Publications
260 _c2006
300 _a67p
_c22cm
942 _2ddc
_cEN
_h410
_mMIS
999 _c17146
_d17146